00550nam a2200193 a 4500001001300000003000900013005001700022008004100039020002300080082001800103100001900121245007400140260003900214300000900253500003500262505002000297650002000317700001900337nice12345678IN_TiNIC20260116013230.0050524s1994 dela grp 000 0 eng  a812087X c17500a294.5514bFRA aFrawley, David aTantric Yoga and the Wisdom Goddessesb Spiritual Secrets of Ayurveda aDelhi bMotilal Banarsidass c1994 a256p aincludes index and biblioraphy2 aGlossary, Index aTantra-Hinduism1 aFrawley, David